International planning studies

Detalles Bibliográficos
Formato: Electrónico Revista
Lenguaje:inglés
Publicado: [London] : Carfax
Materias:
Acceso en línea:Full text available from Research Library: 06/01/1997 to 10/31/2000

MARC

LEADER 00000nas a2200000 a 4500
001 ssj0012387
003 WaSeSS
005 20200512172242.0
006 m d
007 cr n
008 020417c19969999enkqr pss 0 0eng c
010 |a  2002238336 
015 |a GBA604975  |2 bnb 
016 7 |a 013357293  |2 Uk 
022 |a 1469-9265  |l 1356-3475  |y 1356-3475 
035 |a (WaSeSS)ssj0012387 
037 |b Carfax International Publishers, PO Box 25, Abingdon, Oxfordshire, OX14 3UE, UK 
040 |a IUL  |b eng  |c IUL  |d OCLCQ  |d BNG  |d AAA  |d F#A  |d OCLCQ  |d CGU  |d OCLCQ  |d UKMGB  |d OCLCQ  |d OCLCO  |d EUW  |d OCLCO  |d OCLCF  |d OCLCO  |d OCLCQ  |d DLC  |d VT2  |d U3W  |d WaSeSS 
042 |a pcc 
050 0 0 |a HD9000.1 
082 0 4 |a 320.6 
130 0 |a International planning studies (Online) 
245 1 0 |a International planning studies  |h [electronic resource]. 
260 |a [London] :  |b Carfax 
310 |a Quarterly,  |b 2001- 
321 |a Three no. a year,  |b 2000 
362 1 |a Print began with vol. 1, no. 1 (Feb. 1996). 
500 |a Some volumes have also a distinctive title. 
506 |a License restrictions may limit access. 
538 |a Mode of access: World Wide Web. 
588 |a Description based on: Vol. 5, no. 1 (Feb. 2000); title from introductory page, viewed Apr. 17, 2002. 
588 |a Latest issue consulted: Vol. 23, issue 2 (2018) (Taylor & Francis Online viewed June 21, 2018). 
650 0 |a Planning  |v Periodicals. 
650 0 |a Social planning  |v Periodicals. 
650 0 |a City planning  |v Periodicals. 
650 7 |a City planning.  |2 fast  |0 (OCoLC)fst00862177 
650 7 |a Planning.  |2 fast  |0 (OCoLC)fst01065224 
650 7 |a Social planning.  |2 fast  |0 (OCoLC)fst01122726 
655 0 |a Electronic journals. 
776 1 |t International planning studies  |x 1356-3475  |w (DLC)sn 96017736  |w (OCoLC)34617141 
850 |a DLC 
853 2 0 |8 1  |a v.  |b no.  |u 4  |v r  |i (year)  |j (month)  |w q  |x 02 
856 4 0 |z Full text available from Research Library: 06/01/1997 to 10/31/2000  |u https://search.proquest.com/publication/33045 
863 4 1 |8 1.1  |a <5>  |b <1>  |i <2000>  |j <02>